Statistics for Is It A US State Capital?

Click here to take the quiz!

General Stats

  • This quiz has been taken 47 times
  • The average score is 19 of 20

Answer Stats

QuestionAnswer% Correct
Is New York City a state capital?No
98%
Is New Orleans a state capital?No
98%
Is Los Angeles a state capital?No
98%
Is Phoenix a state capital?Yes
98%
Is Lincoln a state capital?Yes
98%
Is Las Vegas a state capital?No
96%
Is Houston a state capital?No
96%
Is Seattle a state capital?No
96%
Is Pierre a state capital?Yes
96%
Is Madison a state capital?Yes
96%
Is Columbus a state capital?Yes
96%
Is Miami a state capital?No
93%
Is Anchorage a state capital?No
93%
Is Oklahoma City a state capital?Yes
93%
Is Atlanta a state capital?Yes
93%
Is Jackson a state capital?Yes
91%
Is Detroit a state capital?No
87%
Is Philadelphia a state capital?No
87%
Is Salem a state capital?Yes
87%
Is Columbia a state capital?Yes
87%

Score Distribution

Percentile by Number Answered

Percent of People with Each Score

Your Score History

You have not taken this quiz